Wine Tourism as an Increasingly Valuable Revenue Stream of a Winery's Business Model

Preskúmanie vzťahu medzi vinárskym cestovným ruchom a parametrami obchodného modelu podľa finančnej a výrobnej výkonnosti vinárstva. Použitie parametrického t-testu.

Saved in:
Bibliographic Details
Main Author: Remeňová, Katarína, 1982-
Other Authors: Skorková, Zuzana, 1979-, Jankelová, Nadežda, 1966-
Format: Book Chapter
Language:English
Subjects:
Tags: Add Tag
No Tags, Be the first to tag this record!

MARC

LEADER 00000naa a2200000 4500
001 0258322
005 20250219115522.7
041 0 |a eng 
044 |a RS 
245 1 0 |a Wine Tourism as an Increasingly Valuable Revenue Stream of a Winery's Business Model  |c Katarína Remeňová, Zuzana Skorková, Nadežda Jankelová 
520 |a Preskúmanie vzťahu medzi vinárskym cestovným ruchom a parametrami obchodného modelu podľa finančnej a výrobnej výkonnosti vinárstva. Použitie parametrického t-testu. 
610 2 0 |a ruch cestovný 
610 2 0 |a víno 
610 2 0 |a modely 
610 2 0 |a tržby 
100 1 |a Remeňová, Katarína, 1982- 
700 1 |a Skorková, Zuzana, 1979- 
700 1 |a Jankelová, Nadežda, 1966-